000
00215nam a2200097Ia 4500
008
191206s9999 xx 000 0 und d
090
_a
HM24M26
245
0
_a
Ideology and Utopia
260
_a
Routldge
260
_c
c1960
999
_c
16194
_d
16194